Welcome to the Holygrace Academy Library

Please use search bar below to get started

HARDY BOYS (Record no. 6913)

MARC details
000 -LEADER
fixed length control field 00545nam a22001457a 4500
020 ## - INTERNATIONAL STANDARD BOOK NUMBER
ISBN 978-1-4169-7802-2
082 ## - DEWEY DECIMAL CLASSIFICATION NUMBER
Classification number 823
Item number DIX/F
100 ## - MAIN ENTRY--AUTHOR NAME
Personal name DIXON, FRANKLIN W
245 ## - TITLE STATEMENT
Title HARDY BOYS
Remainder of title THE X-FACTOR
260 ## - PUBLICATION, DISTRIBUTION, ETC. (IMPRINT)
Place of publication NEW YORK
Name of publisher SIMON & SCHUSTER
Year of publication 2009
300 ## - PHYSICAL DESCRIPTION
Number of Pages 157
520 ## - SUMMARY, ETC.
Summary, etc British singing competition in which contestants sing cover songs to try and impress judges and voting viewers. British singing competition in which contestants sing cover songs to try and impress judges and voting viewers.
650 ## - SUBJECT ADDED ENTRY--TOPICAL TERM
Topical Term SHORT STORY
942 ## - ADDED ENTRY ELEMENTS (KOHA)
Koha item type Books
Holdings
Withdrawn status Lost status Collection code Home library Current library Shelving location Date acquired Source of acquisition Full call number Accession Number Koha item type Cost, normal purchase price
    Fiction Main Library Main Library NEW SHELF WITH NEW ENTRY 26/10/2023 Purchase 823 DIX/F 12999 Books  
    Fiction Main Library Main Library NEW SHELF WITH NEW ENTRY 20/11/2023 purchase 823 DIX/F 13418 Books 250.00